[Event "Niedersachsen-ch Seniors 44th"]
[Site "Cadenberge"]
[Date "2010.04.20"]
[Round "8"]
[White "Von Hoersten, Juergen"]
[Black "Droese, Manfred"]
[Result "1/2-1/2"]
[WhiteElo "1693"]
[BlackElo "1659"]
[PlyCount "33"]
[EventDate "2010.04.13"]
[EventType "swiss"]
[EventRounds "9"]
[EventCountry "GER"]
[SourceTitle "EXT 2019"]
[Source "ChessBase"]
[SourceDate "2018.10.10"]
[SourceVersion "1"]
[SourceVersionDate "2018.10.10"]
[SourceQuality "1"]

1. d4 e6 2. Nf3 f5 3. c4 Nf6 4. Bg5 Be7 5. e3 d5 6. Nc3 c6 7. Ne5 0-0 8. Be2 Ne4 9. Bxe7 Qxe7 10. Nxe4 fxe4 11. 0-0 Nd7 12. f4 Nxe5 13. fxe5 Bd7 14. Qc2 Qg5 15. Qd2 b6 16. Rxf8+ Rxf8 17. Rf1 1/2-1/2

[Event "Niedersachsen-ch Seniors 44th"]
[Site "Cadenberge"]
[Date "2010.04.19"]
[Round "7"]
[White "Wildner, Alfred"]
[Black "Von Hoersten, Juergen"]
[Result "1/2-1/2"]
[WhiteElo "1589"]
[BlackElo "1693"]
[PlyCount "36"]
[EventDate "2010.04.13"]
[EventType "swiss"]
[EventRounds "9"]
[EventCountry "GER"]
[SourceTitle "EXT 2019"]
[Source "ChessBase"]
[SourceDate "2018.10.10"]
[SourceVersion "1"]
[SourceVersionDate "2018.10.10"]
[SourceQuality "1"]

1. d4 d5 2. Nf3 Nf6 3. e3 e6 4. c4 Be7 5. Nc3 c6 6. cxd5 exd5 7. Be2 0-0 8. 0-0 Re8 9. Ne5 Nbd7 10. f4 Bb4 11. Bd3 Nf8 12. Qf3 Qc7 13. Bd2 Bxc3 14. Bxc3 Ng6 15. h3 Nh4 16. Qf2 Nf5 17. g4 Nd6 18. Qh4 Nfe4 1/2-1/2

[Event "Niedersachsen-ch Seniors 44th"]
[Site "Cadenberge"]
[Date "2010.04.16"]
[Round "4"]
[White "Drechsel, Dieter"]
[Black "Von Hoersten, Juergen"]
[Result "1/2-1/2"]
[WhiteElo "1536"]
[BlackElo "1693"]
[PlyCount "38"]
[EventDate "2010.04.13"]
[EventType "swiss"]
[EventRounds "9"]
[EventCountry "GER"]
[SourceTitle "EXT 2019"]
[Source "ChessBase"]
[SourceDate "2018.10.10"]
[SourceVersion "1"]
[SourceVersionDate "2018.10.10"]
[SourceQuality "1"]

1. d4 d5 2. c4 c6 3. Nf3 Nf6 4. Nc3 g6 5. cxd5 cxd5 6. Bg5 Bg7 7. e3 0-0 8. Be2 a6 9. a4 Nc6 10. 0-0 Bg4 11. Qb3 Na5 12. Qa2 e6 13. Rac1 Rc8 14. Ne5 Bxe2 15. Nxe2 Qd6 16. h3 Ne4 17. Bf4 Qd8 18. b4 f6 19. Nd3 Nc4 1/2-1/2

[Event "Niedersachsen-ch Seniors 41st"]
[Site "Sottrum"]
[Date "2007.03.29"]
[Round "8"]
[White "Fritsch, Juergen"]
[Black "Von Hoersten, Juergen"]
[Result "1/2-1/2"]
[WhiteElo "1769"]
[BlackElo "1739"]
[PlyCount "51"]
[EventDate "2007.03.22"]
[EventType "swiss"]
[EventRounds "9"]
[EventCountry "GER"]
[SourceTitle "EXT 2022"]
[Source "ChessBase"]
[SourceDate "2021.10.06"]
[SourceVersion "1"]
[SourceVersionDate "2021.10.06"]
[SourceQuality "1"]

1. d4 d5 2. Nf3 g6 3. Bf4 Bg7 4. e3 Nf6 5. Bd3 Bg4 6. h3 Bxf3 7. Qxf3 c6 8. 0-0 0-0 9. Bxb8 Rxb8 10. c3 Qd6 11. Nd2 e5 12. dxe5 Qxe5 13. Nb3 b6 14. Rad1 a5 15. a3 Nd7 16. Nd4 Qc7 17. Qf4 Rb7 18. Qxc7 Rxc7 19. f4 Re8 20. Kf2 f5 21. g4 fxg4 22. hxg4 Nf6 23. Kf3 Rce7 24. Rfe1 Kf7 25. g5 Ne4 26. Re2 1/2-1/2

[Event "Niedersachsen-ch op"]
[Site "Verden"]
[Date "2007.01.05"]
[Round "3"]
[White "Hurink, Maarten"]
[Black "Von Hoersten, Juergen"]
[Result "0-1"]
[WhiteElo "1519"]
[BlackElo "1770"]
[PlyCount "30"]
[EventDate "2007.01.04"]
[EventType "swiss"]
[EventRounds "7"]
[EventCountry "GER"]
[SourceTitle "EXT 2021"]
[Source "ChessBase"]
[SourceDate "2020.10.23"]
[SourceVersion "1"]
[SourceVersionDate "2020.10.23"]
[SourceQuality "1"]

1. d4 d5 2. c4 c6 3. cxd5 cxd5 4. Nf3 Nf6 5. Bg5 Ne4 6. Bh4 Qa5+ 7. Nfd2 e6 8. a3 Bd7 9. Qc2 Nc6 10. Nc3 Nxd4 11. Qd1 Nxd2 12. Qxd2 Nb3 13. Qd1 Nxa1 14. Qxa1 d4 15. b4 Bxb4 0-1

[Event "Niedersachsen-ch op"]
[Site "Verden"]
[Date "2007.01.05"]
[Round "4"]
[White "Von Hoersten, Juergen"]
[Black "Juilfs, Galina"]
[Result "0-1"]
[WhiteElo "1770"]
[BlackElo "2045"]
[PlyCount "82"]
[EventDate "2007.01.04"]
[EventType "swiss"]
[EventRounds "7"]
[EventCountry "GER"]
[SourceTitle "EXT 2021"]
[Source "ChessBase"]
[SourceDate "2020.10.23"]
[SourceVersion "1"]
[SourceVersionDate "2020.10.23"]
[SourceQuality "1"]

1. d4 e6 2. Nf3 Nf6 3. Bg5 h6 4. Bh4 c5 5. Bxf6 Qxf6 6. e3 b6 7. Be2 Bb7 8. 0-0 Be7 9. c3 0-0 10. Nbd2 d6 11. a4 Nd7 12. Qb3 e5 13. d5 Qg6 14. c4 e4 15. Ne1 a5 16. g3 Rae8 17. Ng2 Bd8 18. Nf4 Qh7 19. Bg4 Ne5 20. Be2 g5 21. Ng2 g4 22. Rfd1 Bc8 23. Nf4 Nf3+ 24. Kg2 h5 25. Qc2 h4 26. Rh1 Bg5 27. Ra3 Re5 28. Rc3 Rfe8 29. Bxf3 gxf3+ 30. Kf1 hxg3 31. fxg3 Bxf4 32. exf4 Qh3+ 33. Ke1 Qg2 34. Nf1 Rh5 35. Qxg2 fxg2 36. Rg1 gxf1Q+ 37. Rxf1 Rxh2 38. Rb3 Bg4 39. Rf2 Rh1+ 40. Rf1 Rxf1+ 41. Kxf1 e3 0-1

[Event "Niedersachsen-ch Seniors 39th"]
[Site "Wingst"]
[Date "2005.03.04"]
[Round "2"]
[White "Durst, Uwe"]
[Black "Von Hoersten, Juergen"]
[Result "1-0"]
[WhiteElo "2105"]
[BlackElo "2030"]
[PlyCount "91"]
[EventDate "2005.03.03"]
[EventType "swiss"]
[EventRounds "9"]
[EventCountry "GER"]
[SourceTitle "EXT 2006"]
[Source "ChessBase"]
[SourceDate "2005.11.24"]
[SourceVersion "1"]
[SourceVersionDate "2005.11.24"]
[SourceQuality "1"]

1. f4 d5 2. b3 Nf6 3. Nf3 g6 4. Bb2 Bg7 5. e3 Bg4 6. Be2 Nbd7 7. 0-0 0-0 8. Qe1 e6 9. d3 Ne8 10. Ne5 Bxe2 11. Qxe2 c5 12. Nd2 Nxe5 13. fxe5 Qc7 14. Nf3 Rc8 15. c4 Qd7 16. d4 dxc4 17. bxc4 Qa4 18. d5 Nc7 19. d6 Na6 20. a3 Nb8 21. Qd3 Nd7 22. Rac1 Rc6 23. Rf2 Rb6 24. Rcf1 Bh6 25. Bc1 Qb3 26. Qe4 Bg7 27. Bb2 Bh6 28. Bc1 Bg7 29. Ng5 Nxe5 30. Nxe6 f5 31. Qd5 Qxc4 32. Qxc4 Nxc4 33. Nxf8 Rxd6 34. Rc2 b5 35. a4 a6 36. Nxh7 Kxh7 37. Kf2 Rd3 38. Ke2 Rb3 39. axb5 axb5 40. Rd1 Bh6 41. Rd7+ Kg8 42. Ra2 Nb6 43. Rd8+ Kf7 44. Ra7+ Ke6 45. Ra6 Ke7 46. Rh8 1-0

[Event "Niedersachsen-ch Seniors 38th"]
[Site "Wingst"]
[Date "2004.03.24"]
[Round "9"]
[White "Gudat, Alfons"]
[Black "Von Hoersten, Juergen"]
[Result "1-0"]
[WhiteElo "2044"]
[BlackElo "1825"]
[PlyCount "65"]
[EventDate "2004.03.16"]
[EventType "swiss"]
[EventRounds "9"]
[EventCountry "GER"]
[SourceTitle "EXT 2006"]
[Source "ChessBase"]
[SourceDate "2005.11.24"]
[SourceVersion "1"]
[SourceVersionDate "2005.11.24"]
[SourceQuality "1"]

1. e4 c5 2. Nf3 d6 3. Bb5+ Bd7 4. a4 Nc6 5. 0-0 g6 6. c3 Bg7 7. d4 cxd4 8. cxd4 a6 9. Bxc6 Bxc6 10. Nc3 e6 11. d5 Bd7 12. a5 e5 13. Be3 Nf6 14. Nd2 Nh5 15. Qb3 0-0 16. Qxb7 Rb8 17. Qxa6 Rxb2 18. Nc4 Rb3 19. Ra3 Qb8 20. Bb6 Bc8 21. Qa7 Qxa7 22. Bxa7 Rxa3 23. Nxa3 Ba6 24. Rb1 Rc8 25. Rb8 Bf8 26. Rxc8 Bxc8 27. Nab5 Nf6 28. Nc7 Be7 29. Bb6 Nd7 30. Be3 Nb8 31. N3b5 Ba6 32. Ba7 Bxb5 33. Bxb8 1-0

[Event "Niedersachsen-ch Seniors 38th"]
[Site "Wingst"]
[Date "2004.03.22"]
[Round "7"]
[White "Weber, Gerhard3333"]
[Black "Von Hoersten, Juergen"]
[Result "1/2-1/2"]
[WhiteElo "1889"]
[BlackElo "1825"]
[PlyCount "28"]
[EventDate "2004.03.16"]
[EventType "swiss"]
[EventRounds "9"]
[EventCountry "GER"]
[SourceTitle "EXT 2006"]
[Source "ChessBase"]
[SourceDate "2005.11.24"]
[SourceVersion "1"]
[SourceVersionDate "2005.11.24"]
[SourceQuality "1"]

1. c4 c5 2. Nc3 g6 3. Nf3 Bg7 4. d4 cxd4 5. Nxd4 Nf6 6. e4 d6 7. Be2 Bd7 8. 0-0 Nc6 9. Be3 0-0 10. a3 Rc8 11. Qd2 Nxd4 12. Bxd4 Bc6 13. Qe3 a6 14. Nd5 e6 1/2-1/2

[Event "Niedersachsen-ch Seniors 38th"]
[Site "Wingst"]
[Date "2004.03.19"]
[Round "4"]
[White "Von Hoersten, Juergen"]
[Black "Lippmann, Ulrich"]
[Result "0-1"]
[WhiteElo "1825"]
[BlackElo "2064"]
[PlyCount "94"]
[EventDate "2004.03.16"]
[EventType "swiss"]
[EventRounds "9"]
[EventCountry "GER"]
[SourceTitle "EXT 2006"]
[Source "ChessBase"]
[SourceDate "2005.11.24"]
[SourceVersion "1"]
[SourceVersionDate "2005.11.24"]
[SourceQuality "1"]

1. d4 d5 2. c4 e6 3. Nc3 Nf6 4. Nf3 Be7 5. cxd5 exd5 6. Bg5 0-0 7. e3 c6 8. Be2 h6 9. Bh4 Bf5 10. 0-0 Nbd7 11. Bd3 Bxd3 12. Qxd3 Re8 13. Rac1 a5 14. Nd2 Nf8 15. Bxf6 Bxf6 16. Na4 Ne6 17. Qb3 Rb8 18. Qb6 Qd6 19. Nc5 Nxc5 20. Qxc5 Qd7 21. a3 Ra8 22. Nb3 a4 23. Nd2 Be7 24. Qc2 Rec8 25. Qd3 Ra6 26. Rc2 Bd6 27. Rfc1 Re8 28. Re1 f5 29. Nf3 Qf7 30. g3 g5 31. Rce2 Qe6 32. Kg2 Qe4 33. Qxe4 fxe4 34. Nd2 Rb6 35. Nb1 Rf8 36. Rc2 Kf7 37. Nc3 Ra6 38. Rec1 Kg6 39. Nb1 Rf7 40. Nc3 Ra8 41. Re2 g4 42. h3 gxh3+ 43. Kxh3 Rf5 44. Rh1 Rh5+ 45. Kg2 Rxh1 46. Kxh1 Kg5 47. Re1 h5 0-1

[Event "Niedersachsen-ch Seniors 37th"]
[Site "Wingst"]
[Date "2003.04.10"]
[Round "3"]
[White "Gudat, Alfons"]
[Black "Von Hoersten, Juergen"]
[Result "0-1"]
[WhiteElo "2063"]
[BlackElo "1821"]
[PlyCount "116"]
[EventDate "2003.04.08"]
[EventType "swiss"]
[EventRounds "9"]
[EventCountry "GER"]
[SourceTitle "EXT 2006"]
[Source "ChessBase"]
[SourceDate "2005.11.24"]
[SourceVersion "1"]
[SourceVersionDate "2005.11.24"]
[SourceQuality "1"]

1. e4 d6 2. d4 g6 3. Nf3 Bg7 4. h3 Nd7 5. Bc4 c6 6. 0-0 Nb6 7. Bb3 d5 8. Nc3 e6 9. Re1 h6 10. a4 dxe4 11. Nxe4 Ne7 12. a5 Nbd5 13. c4 Nc7 14. Bf4 0-0 15. Be5 Ne8 16. Bxg7 Kxg7 17. Qd2 Nf5 18. Rad1 Nf6 19. Nxf6 Qxf6 20. Ne5 Rd8 21. Qc3 Kh7 22. Bc2 Bd7 23. Ng4 Qg7 24. Ne5 Be8 25. g4 Ne7 26. Qb4 Ng8 27. Re3 Rab8 28. f4 b6 29. axb6 axb6 30. Qc3 Ne7 31. Rg3 c5 32. Be4 cxd4 33. Rxd4 Kg8 34. Rgd3 Rdc8 35. Qd2 Qf8 36. Rd8 Rxd8 37. Rxd8 Rxd8 38. Qxd8 Kg7 39. Qxb6 Nc8 40. Qd4 f6 41. Nd3 Qe7 42. g5 hxg5 43. fxg5 e5 44. gxf6+ Kxf6 45. Qc5 Nd6 46. Bd5 Bd7 47. Nf2 Bf5 48. Qe3 Qd8 49. Qh6 Qc8 50. b3 Qe8 51. h4 e4 52. Qg5+ Kg7 53. Qf4 e3 54. Qxd6 e2 55. Qc7+ Kh8 56. Qf4 e1Q+ 57. Kg2 Q1e3 58. Qh6+ Qxh6 0-1

[Event "Niedersachsen-ch Seniors 37th"]
[Site "Wingst"]
[Date "2003.04.09"]
[Round "2"]
[White "Von Hoersten, Juergen"]
[Black "Eidelmann, Vova"]
[Result "1/2-1/2"]
[WhiteElo "1821"]
[BlackElo "2024"]
[PlyCount "97"]
[EventDate "2003.04.08"]
[EventType "swiss"]
[EventRounds "9"]
[EventCountry "GER"]
[SourceTitle "EXT 2006"]
[Source "ChessBase"]
[SourceDate "2005.11.24"]
[SourceVersion "1"]
[SourceVersionDate "2005.11.24"]
[SourceQuality "1"]

1. d4 Nf6 2. Nf3 d5 3. g3 e6 4. Bg2 b6 5. 0-0 Bd6 6. a4 Nbd7 7. b3 0-0 8. Ba3 Ne4 9. Nfd2 f5 10. f4 Ba6 11. Re1 g5 12. e3 Nxd2 13. Nxd2 g4 14. c4 Bxa3 15. Rxa3 c6 16. Ra2 Rc8 17. Rc2 Nf6 18. c5 Rf7 19. Qc1 Rfc7 20. Qa3 h5 21. b4 h4 22. Kf2 Rh7 23. Qc1 Nh5 24. Rh1 Rhc7 25. Bf1 Bxf1 26. Qxf1 bxc5 27. bxc5 Rb8 28. Qa6 Qd7 29. Ra1 Qh7 30. Rh1 Qd7 31. Ra1 Nf6 32. a5 hxg3+ 33. hxg3 Qh7 34. Qf1 Rcb7 35. Raa2 Qh8 36. Ke2 Rh7 37. Kd3 Rhb7 38. Qg1 Qh3 39. a6 Rb4 40. Kc3 Nh5 41. Nf1 Rb3+ 42. Kd2 Nf6 43. Kd1 Ne4 44. Rg2 Rb1+ 45. Kc2 Nxg3 46. Rxg3 Qxf1 47. Qxf1 Rxf1 48. Rg2 Rbb1 49. Kd2 1/2-1/2

[Event "Niedersachsen-ch Seniors 36th"]
[Site "Wingst"]
[Date "2002.03.??"]
[Round "2"]
[White "Davydov, Mihail"]
[Black "Von Hoersten, Juergen"]
[Result "1-0"]
[WhiteElo "2070"]
[BlackElo "1782"]
[PlyCount "37"]
[EventDate "2002.03.??"]
[EventType "swiss"]
[EventRounds "9"]
[EventCountry "GER"]
[SourceTitle "EXT 2006"]
[Source "ChessBase"]
[SourceDate "2005.11.24"]
[SourceVersion "1"]
[SourceVersionDate "2005.11.24"]
[SourceQuality "1"]

1. e4 d5 2. exd5 Qxd5 3. Nc3 Qd8 4. d4 c6 5. Nf3 Bg4 6. Be3 Nf6 7. h3 Bxf3 8. Qxf3 e6 9. 0-0-0 Nbd7 10. Kb1 Qc7 11. g4 Nb6 12. Ne4 Nxe4 13. Qxe4 0-0-0 14. Be2 Qd7 15. c4 Kb8 16. a3 g6 17. c5 Qd5 18. Qf4+ e5 19. dxe5 1-0

[Event "Niedersachsen-ch Seniors 35th"]
[Site "Wingst"]
[Date "2001.04.08"]
[Round "6"]
[White "Bersch, Elmar"]
[Black "Von Hoersten, Juergen"]
[Result "1/2-1/2"]
[WhiteElo "1884"]
[BlackElo "1782"]
[PlyCount "26"]
[EventDate "2001.04.??"]
[EventType "swiss"]
[EventRounds "9"]
[EventCountry "GER"]
[SourceTitle "EXT 2006"]
[Source "ChessBase"]
[SourceDate "2005.11.24"]
[SourceVersion "1"]
[SourceVersionDate "2005.11.24"]
[SourceQuality "1"]

1. d4 Nf6 2. Nf3 g6 3. c4 Bg7 4. Nc3 d6 5. e4 0-0 6. Be2 c5 7. d5 Bg4 8. h3 Bxf3 9. Bxf3 Nfd7 10. Bd2 Na6 11. a3 Nc7 12. Rb1 a6 13. 0-0 b5 1/2-1/2

[Event "Niedersachsen-ch Seniors 35th"]
[Site "Wingst"]
[Date "2001.04.07"]
[Round "5"]
[White "Von Hoersten, Juergen"]
[Black "Rychlik, Kurt"]
[Result "1/2-1/2"]
[WhiteElo "1782"]
[BlackElo "1854"]
[PlyCount "50"]
[EventDate "2001.04.??"]
[EventType "swiss"]
[EventRounds "9"]
[EventCountry "GER"]
[SourceTitle "EXT 2006"]
[Source "ChessBase"]
[SourceDate "2005.11.24"]
[SourceVersion "1"]
[SourceVersionDate "2005.11.24"]
[SourceQuality "1"]

1. d4 g6 2. Nf3 Bg7 3. c3 Nf6 4. Bf4 d6 5. e3 0-0 6. Be2 Nbd7 7. 0-0 Nh5 8. Bg3 Nxg3 9. hxg3 Re8 10. Nbd2 e5 11. dxe5 dxe5 12. Nb3 c6 13. Qc2 a5 14. a4 Qe7 15. Rfd1 Nb6 16. Nbd2 Be6 17. c4 h6 18. Rab1 Qb4 19. b3 Rad8 20. e4 Nd7 21. Nf1 f5 22. Nh4 fxe4 23. Qxe4 g5 24. Nf5 Bxf5 25. Qxf5 Qe7 1/2-1/2